<?xml version="1.0" encoding="UTF-8"?>
<record
    xmlns:xsi="http://www.w3.org/2001/XMLSchema-instance"
    xsi:schemaLocation="http://www.loc.gov/MARC21/slim http://www.loc.gov/standards/marcxml/schema/MARC21slim.xsd"
    xmlns="http://www.loc.gov/MARC21/slim">

  <leader>01207nam a22001697a 4500</leader>
  <controlfield tag="005">20260130160646.0</controlfield>
  <datafield tag="041" ind1=" " ind2=" ">
    <subfield code="a">ENG</subfield>
  </datafield>
  <datafield tag="082" ind1=" " ind2=" ">
    <subfield code="a">RR 016.01136</subfield>
    <subfield code="b">DOC-</subfield>
  </datafield>
  <datafield tag="245" ind1=" " ind2=" ">
    <subfield code="a">Documents in microform</subfield>
    <subfield code="b">: a list of resources at SSDC, JNU, University of Bombay, ICSSR Regional Centre, Calcutta</subfield>
  </datafield>
  <datafield tag="260" ind1=" " ind2=" ">
    <subfield code="a">New Delhi:</subfield>
    <subfield code="b">Social Science Documentation Centre, Indian Council of Social Science Research,</subfield>
    <subfield code="c">1985.</subfield>
  </datafield>
  <datafield tag="300" ind1=" " ind2=" ">
    <subfield code="a">n.d.</subfield>
  </datafield>
  <datafield tag="440" ind1=" " ind2=" ">
    <subfield code="a">SSDC Research Information Series- 21</subfield>
  </datafield>
  <datafield tag="520" ind1=" " ind2=" ">
    <subfield code="a">This highlights the growing importance of micro-forms in managing space constraints in libraries and preserving rare research materials. It lists micro-form collections available at SSDC, the ICSSR Regional Centre in Calcutta, and universities hosting other ICSSR Regional Centres, including old journal back-files, bibliographical tools, theses, and research reports. Compiled without altering contributors&#x2019; entries, the list reveals a rich and unique body of research material on Africa and India and aims to support researchers and information professionals, while inviting user suggestions for further improvement.</subfield>
  </datafield>
  <datafield tag="650" ind1=" " ind2=" ">
    <subfield code="a">Microforms</subfield>
    <subfield code="x">Catalogs</subfield>
    <subfield code="z">India</subfield>
  </datafield>
  <datafield tag="650" ind1=" " ind2=" ">
    <subfield code="a">Documentation</subfield>
    <subfield code="x">Bibliography</subfield>
  </datafield>
  <datafield tag="942" ind1=" " ind2=" ">
    <subfield code="2">ddc</subfield>
    <subfield code="c">RB</subfield>
  </datafield>
  <datafield tag="999" ind1=" " ind2=" ">
    <subfield code="c">39872</subfield>
    <subfield code="d">39872</subfield>
  </datafield>
  <datafield tag="952" ind1=" " ind2=" ">
    <subfield code="0">0</subfield>
    <subfield code="1">0</subfield>
    <subfield code="4">0</subfield>
    <subfield code="7">1</subfield>
    <subfield code="a">NASSDOC</subfield>
    <subfield code="b">NASSDOC</subfield>
    <subfield code="d">1985-10-12</subfield>
    <subfield code="l">0</subfield>
    <subfield code="o">RR 016.01136 DOC-</subfield>
    <subfield code="p">19836</subfield>
    <subfield code="r">2026-01-30 12:52:38</subfield>
    <subfield code="w">1985-10-12</subfield>
    <subfield code="y">RB</subfield>
  </datafield>
</record>
